000 00508nam a2200181Ia 4500
003 IN-BaIIA
008 211028s9999 xx 000 0 eng d
040 _cIIA Library
080 _a621.396.67
_bANT
245 0 _aAntennas
_cedited by Schure Alexander
260 _aNew York
_bJohn F Rider Publishers
_c1957
300 _avii, 79p.
490 _aElectronic technology series; no. 166-14
650 _aAntennas
_92176
650 _aNASA thesaurus
700 _aSchure, Alexander., ed.
_93618
942 _cBK
999 _c1891
_d1891